书目信息 |
| 题名: |
白门柳
|
|
| 作者: | 刘斯奋 著 | |
| 分册: | 秋露危城 | |
| 出版信息: | 北京 人民文学出版社 2005.01 |
|
| 页数: | 561页 | |
| 开本: | 21cm | |
| 丛书名: | 茅盾文学奖获奖作品全集 | |
| 单 册: | ||
| 中图分类: | I247.5 | |
| 科图分类: | ||
| 主题词: | 长篇小说--中国--现代 | |
| 电子资源: | ||
| ISBN: | 7-02-004888-9 | |
| 000 | 00855nam 2200265 450 | |
| 001 | 010235718113 | |
| 005 | 20050919103624.25 | |
| 010 | @a7-02-004888-9@dCNY78.00(全三册) | |
| 100 | @a20050708d2005 km y0chiy0120 ea | |
| 101 | 0 | @achi |
| 102 | @aCN@b110000 | |
| 105 | @ay z 000ay | |
| 200 | 1 | @a白门柳@Abai men liu@i秋露危城@f刘斯奋著@Fliu si fen zhu |
| 210 | @a北京@c人民文学出版社@d2005.01 | |
| 215 | @a561页@d21cm | |
| 225 | 2 | @a茅盾文学奖获奖作品全集@Amao dun wen xue jiang huo jiang zuo pin quan ji |
| 300 | @a本书荣获第四届茅盾文学奖 | |
| 330 | @a本书描写明末清初鼎革之际知识分子的命运。 | |
| 410 | 0 | @12001 @a茅盾文学奖获奖作品全集 |
| 517 | 1 | @a秋露危城@Aqiu lu wei cheng |
| 606 | 0 | @a长篇小说@y中国@z现代 |
| 690 | @aI247.5@v4 | |
| 701 | 0 | @a刘斯奋@Aliu si fen@4著 |
| 801 | 0 | @aCN@bQSSK@c20050919 |
| 905 | @a10447@dI247.5@eL671:2 | |
| 白门柳.秋露危城/刘斯奋著.-北京:人民文学出版社,2005.01 |
| 561页;21cm.-(茅盾文学奖获奖作品全集) |
| 本书荣获第四届茅盾文学奖 |
| ISBN 7-02-004888-9:CNY78.00(全三册) |
| 本书描写明末清初鼎革之际知识分子的命运。 |
| ● |
| 相关链接 |
|
|
|
正题名:白门柳
索取号:I247.5/L671:2
 
预约/预借
| 序号 | 登录号 | 条形码 | 馆藏地/架位号 | 状态 | 备注 |
| 1 | 524580 | 205245803 | 社科二线400B/400B社科库 18排3列4层/ [索取号:I247.5/L671:2] | 在馆 | |
| 2 | 524581 | 205245812 | 文学库108/ [索取号:I247.5/L671:2] | 在馆 | |
| 3 | 524582 | 205245821 | 文学库108/108文学库 998排7列2层/ [索取号:I247.5/L671:2] | 在馆 |